Statistics for DC- Injustice Regime Members

Click here to take the quiz!

General Stats

  • This quiz has been taken 189 times
    (182 since last reset)
  • The average score is 16 of 24

Answer Stats

NameStatus% Correct
Clark Kent/Kal-El/Supermanalive
99%
Diana of Themyscira/Wonder Womanalive
98%
Hal Jordan/Green Lantern/Yellow Lanternalive
98%
Barry Allen/Flashalive
96%
Thaal Sinestroalive
91%
Billy Batson/Shazamdeceased
88%
Victor Stone/Cyborgalive
87%
Damian Wayne/Nightwingalive
86%
Teth-Adam/Black Adamalive
82%
Cyrus Gold/Solomon Grundydeceased(zombie)
81%
Arthur Curry/Orin/Aquamanalive
80%
John Stewart/Green Lanterndeceased
80%
Banealive
73%
Ravenalive
71%
Selina Kyle/Catwomanalive
69%
Doomsdayalive
68%
Shiera Hall/Hawkgirlalive
68%
Louise Lincoln/Killer Frostalive
67%
Alec Holland/Swamp Thingunknown
25%
Aztar/The Spectrealive
21%
Mr. Mxyzptlkalive
14%
Rex Mason/Metamorphoalive
13%
Nanaue/King Sharkdeceased
12%
Anthony Woodward/Girderalive
10%

Score Distribution

Percentile by Number Answered

Percent of People with Each Score

Your Score History

You have not taken this quiz since the last reset